Inventions

Bibliographic Details
Main Author: Taylor, Barbara
Format: Book
Published: China : Miles Kelly Publsihing Ltd , 2004
Series:Science Library
Subjects:

MARC

LEADER 00000cam a2200000 7i4500
001 0000051522
005 20150825.0
008 150825
020 |a 9781842362891 
090 0 0 |a SC   |b ENG 
100 1 |a Taylor, Barbara 
245 1 0 |a Inventions   |c Taylor, Barbara 
260 |a China :   |b Miles Kelly Publsihing Ltd ,   |c 2004 
300 |a 40pg. :   |b Col.ill 
490 1 |a Science Library 
650 0 |a English Fiction 
999 |a 0001132676   |b Book   |c Children Collection   |e Cawangan Bukit Gambir